मी जिंकले मी हरले (Record no. 326689)

MARC details
000 -LEADER
fixed length control field 00485nam a2200157Ia 4500
008 - FIXED-LENGTH DATA ELEMENTS--GENERAL INFORMATION
fixed length control field 090711s9999 xx 000 0 und d
082 ## - DEWEY DECIMAL CLASSIFICATION NUMBER
Item number 67434
100 ## - MAIN ENTRY--PERSONAL NAME
Personal name राजे नयना
245 ## - TITLE STATEMENT
Title मी जिंकले मी हरले
300 ## - PHYSICAL DESCRIPTION
Extent 159
600 ## - SUBJECT ADDED ENTRY--PERSONAL NAME
Personal name राजे नयना
630 ## - SUBJECT ADDED ENTRY--UNIFORM TITLE
Uniform title मी जिंकले मी हरले
700 ## - ADDED ENTRY--PERSONAL NAME
Personal name राजे नयना
730 ## - ADDED ENTRY--UNIFORM TITLE
Uniform title मी जिंकले मी हरले
942 ## - ADDED ENTRY ELEMENTS (KOHA)
Koha item type Book

No items available.